000 00481nam a2200181Ia 4500
008 100917s9999 xx 000 0 und d
082 _b43417
100 _aपुरंदर विशाखा
245 _aध्यास
260 _bऋतुराज प्रकाशन
_c1980
300 _a154
365 _b18
520 _aकादंबरी
630 _aध्यास
650 _aकादंबरी
730 _aध्यास
942 _cBOOK
999 _c648811
_d648808